000 00387nam a22001697a 4500
005 20251106123909.0
020 _a9789370607200
041 _aEnglish
082 _a001 R25 NCERT
100 _aNCERT
245 _aNCERT Essentials - Geography and Disaster Management
250 _a01
260 _aNew Delhi
_bWiley India
_c2025
300 _a332
365 _b500.00
942 _cBK
999 _c176423
_d176423